| 000 | 00473nam a2200181Ia 4500 | ||
|---|---|---|---|
| 008 | 240925s9999 xx 000 0 und d | ||
| 020 | _a1580539157 | ||
| 082 | _a621.3815324 THE | ||
| 100 | _aThed, Les | ||
| 245 | 0 | _aPractical Analog and Digital Filter Design | |
| 250 | _aNA | ||
| 260 |
_aBoston: _bArtech Home _c,2005. |
||
| 300 |
_axvi,376p. _bN.A _fOriginal |
||
| 500 | _aIncludes Index | ||
| 600 | _aElectronic Engineering | ||
| 650 | _aTechnology | ||
| 942 | _cBK | ||
| 999 |
_c10467 _d10467 |
||